Statistiken für Antworten mit gleichem Anfangs- und Endbuchstaben: S

Klicken Sie hier um das Quiz zu spielen!

Allgemein

  • Dieses Quiz wurde 269 mal gespielt
  • Das Durchschnittsergebnis liegt bei 13 aus 28

Antwortstatistiken

HinweisAntwort% Korrekt
einstellige Zahlsechs
97%
in ... und BrausSaus
92%
NotsignalSOS
85%
so ist man im Weltraumschwerelos
82%
ihn kann man abgeben mit einer Pistole oder mit dem Fuß; wer ausgeflippt ist, hat einenSchuss
78%
Gruß, der sowohl zur Begrüßung als auch zur Verabschiedung verwendet werden kannServus
76%
mathematische WinkelfunktionSinus
70%
immerstets
63%
KrawatteSchlips
58%
unnötig, ohne erkennbaren Nutzen; nichtssagend; vernunftwidrig; unlogischsinnlos
55%
Sekt, Champagner (umgangssprachlich)Schampus
50%
griechischer Philiosoph (469 – 399 v. Chr.)Sokrates
47%
deutscher Erfinder (1816 – 1892): Werner von ...; Maßeinheit des elektrischen LeitwertsSiemens
44%
Stadt im SaarlandSaarlouis
41%
Keks, der im deutschsprachigen Raum als typisches Weihnachtsgebäck gilt (11 Buchstaben)Spekulatius
40%
Zustand, Lage; gesellschaftliche StellungStatus
38%
eine der international bekanntesten deutschen Musikbands (1965 gegründet)Scorpions
37%
Männliche Figur der griechischen Mythologie. Er musste in der Unterwelt einen Felsblock einen steilen Hang hinaufrollen, doch dieser rollte immer wieder ins Tal zurück. Daher stammt auch der Begriff ...-Arbeit als Synonym für eine schwere, sinnlos erscheinende Aufgabe ohne absehbares Ende.Sisyphos
36%
unbekümmertsorglos
36%
ehemaliger Tennisspieler, der insgesamt 286 Wochen lang auf Platz 1 der Weltrangliste stand: Pete ...Sampras
31%
Huub/Cat/Shakin' ...Stevens
31%
römischer Gladiator der Antike, Anführer eines nach ihm benannten SklavenaufstandesSpartakus
29%
In dieser Stadt spielte Pelé von 1956 bis 1974 Fußball.Santos
28%
16:9 ist heute das meistverbreitete ... bei FernsehbildschirmenSeitenverhältnis
16%
Gastgeberstadt der Olympischen Spiele 1904St. Louis
12%
Bereitschaftsbetrieb bei technischen Geräten (12 Buchstaben)Stand-by-Modus
11%
Hochnäsigkeit, Überheblichkeit, Wichtigtuerei (9 Buchstaben)Snobismus
8%
fiktives Tier, das von Loriot für einen Sketch erfunden wurdeSteinlaus
6%

Verteilung der Resultate

Perzentil nach korrekt beantworteten Fragen

Anzahl Personen mit jedem Resultat

Ihre Resultats-Entwicklung

Sie haben dieses Quiz noch nicht gespielt